• 首页
  • 本馆介绍
  • 公告通知
  • 最新文献
  • 馆藏检索
  • 电子资源
  • 读者导购
  • 参考咨询
  • 我的图书馆
  • 登录
  • 详细信息显示
  • 放入我的书架
  • 预约/预借图书
  • 作者相关作品
  • 分类相关作品
  • 丛书相关作品
  • 出版社相关作品

书目信息

  • 表格格式
  • 工作单格式
  • 卡片格式
题名:
漂移的大陆
    
 
作者: 金性春
分册:  
出版信息: 上海   上海科技出版社  2006
页数: 265页
开本: 20cm
丛书名:
单 册:
中图分类: P541
科图分类:
主题词: 构造地质学
电子资源:
ISBN: 7-5323-5368-0
000 00498nam0 2200181 450
001 0736196517
005 20070924100316.51
010    @a7-5323-5368-0@d¥18.00
100    @a20070924d km y0chiy0120 ea
101 0  @achi
200 1  @a漂移的大陆@Apiao yi de da lu@f金性春@Fjin xing chun
210    @a上海@c上海科技出版社@d2006
215    @a265页@c插图@d20cm
606 0  @a构造地质学
690    @aP541@v3
701  0 @a金性春@Ajin xing chun
801  0 @aCN@bPFT@c20070924
905    @a213230@dP541@eZY4=2@f1
    
    漂移的大陆/金性春.-上海:上海科技出版社,2006
    265页:插图;20cm
    
    
    ISBN 7-5323-5368-0:¥18.00
    
●
相关链接 在E读中查询图书 在五车中查询图书 在当当中查询图书 在豆瓣中查询图书


正题名:漂移的大陆     索取号:P541/ZY4=2         预约/预借

序号 登录号 条形码 馆藏地/架位号 状态 备注
1 7900568   279005684   密集书库-资源管理系/ [索取号:P541/ZY4=2] 在馆    
唐山师范学院图书馆 欢迎您!
大连网信软件有限公司© 版权所有